[Event "Chicago North Am 06th"]
[Site "Chicago"]
[Date "2007.10.28"]
[Round "1"]
[White "Haessel, Dale R"]
[Black "Muhammad, Stephen A"]
[Result "0-1"]
[WhiteElo "2152"]
[BlackElo "2384"]
[PlyCount "52"]
[EventDate "2007.10.06"]
[EventType "tourn"]
[EventRounds "9"]
[EventCountry "USA"]
[EventCategory "3"]
[SourceTitle "EXT 2008"]
[Source "ChessBase"]
[SourceDate "2007.11.25"]
[SourceVersion "1"]
[SourceVersionDate "2007.11.25"]
[SourceQuality "1"]

1. d4 Nf6 2. c4 g6 3. g3 Bg7 4. Bg2 0-0 5. Nc3 d6 6. Nf3 Nc6 7. 0-0 a6 8. h3 Rb8 9. Be3 b5 10. Nd2 Bd7 11. Rc1 e5 12. dxe5 Nxe5 13. c5 b4 14. Nce4 d5 15. Nxf6+ Bxf6 16. Bd4 Bb5 17. Nf3 Bxe2 18. Qxe2 Nxf3+ 19. Bxf3 Bxd4 20. Rc2 c6 21. Qxa6 Qf6 22. Bg4 b3 23. axb3 Rxb3 24. Kh2 h5 25. Bd1 Rfb8 26. Re1 Bxf2 0-1

[Event "World op 34th"]
[Site "Philadelphia"]
[Date "2006.07.02"]
[Round "5"]
[White "Najer, Evgeniy"]
[Black "Muhammad, Stephen A"]
[Result "1/2-1/2"]
[WhiteElo "2653"]
[BlackElo "2384"]
[PlyCount "86"]
[EventDate "2006.06.28"]
[EventType "swiss"]
[EventRounds "9"]
[EventCountry "USA"]
[SourceTitle "CBM 112 Extra"]
[Source "ChessBase"]
[SourceDate "2006.07.14"]
[SourceVersion "1"]
[SourceVersionDate "2006.07.14"]
[SourceQuality "1"]

1. d4 f5 2. c4 Nf6 3. Nf3 e6 4. Nc3 d5 5. Bf4 Be7 6. e3 c6 7. Bd3 Ne4 8. g4 Qb6 9. Qc2 Na6 10. a3 Qa5 11. Ke2 Nxc3+ 12. bxc3 dxc4 13. Bxc4 Nc7 14. gxf5 Nd5 15. Rhg1 Bf6 16. Bxd5 cxd5 17. fxe6 Bxe6 18. Ng5 Qa6+ 19. Kd2 Bxg5 20. Rxg5 g6 21. h4 Rf8 22. Re5 Rf5 23. Qd3 Qc6 24. a4 a6 25. a5 Rxe5 26. Bxe5 Bf5 27. Qe2 Rc8 28. Ra3 Qe6 29. f3 Qe7 30. Rb3 Rc4 31. e4 Ra4 32. Ke3 dxe4 33. fxe4 Be6 34. Rb6 Rxa5 35. Qf2 Rxe5 36. dxe5 Qc5+ 37. Kf3 Qxc3+ 38. Kf4 Qc1+ 39. Qe3 Qf1+ 40. Kg5 Qf7 41. Qc5 h6+ 42. Kxh6 Qf4+ 43. Kh7 Qf7+ 1/2-1/2

[Event "World op 34th"]
[Site "Philadelphia"]
[Date "2006.07.01"]
[Round "4"]
[White "Muhammad, Stephen A"]
[Black "Rouleau, John S"]
[Result "1-0"]
[WhiteElo "2384"]
[BlackElo "2273"]
[PlyCount "127"]
[EventDate "2006.06.28"]
[EventType "swiss"]
[EventRounds "9"]
[EventCountry "USA"]
[SourceTitle "CBM 112 Extra"]
[Source "ChessBase"]
[SourceDate "2006.07.14"]
[SourceVersion "1"]
[SourceVersionDate "2006.07.14"]
[SourceQuality "1"]

1. d4 Nf6 2. c4 g6 3. Nc3 Bg7 4. e4 d6 5. f3 0-0 6. Be3 e5 7. Nge2 c6 8. d5 Ne8 9. Ng3 f5 10. exf5 gxf5 11. Bf2 c5 12. Bd3 Na6 13. 0-0 Nac7 14. Qc2 Qf6 15. a3 Kh8 16. Nh5 Qg5 17. Nxg7 Nxg7 18. b4 b6 19. f4 Qxf4 20. Bxc5 Qh6 21. Bf2 Nce8 22. c5 bxc5 23. bxc5 dxc5 24. Bxc5 Rg8 25. Qe2 e4 26. Bb5 Nf6 27. Be3 Qg6 28. Bc6 Ngh5 29. Bxa8 Ba6 30. Qf2 Bxf1 31. Rxf1 f4 32. Bd4 Rxa8 33. Bxf6+ Qxf6 34. Nxe4 Qe5 35. Qc2 Qxd5 36. Qb2+ Kg8 37. Rxf4 Qe6 38. Nf6+ Nxf6 39. Qxf6 Qb6+ 40. Kf1 Qxf6 41. Rxf6 a5 42. Rf5 Kg7 43. g4 Ra6 44. Kf2 Ra7 45. a4 Ra6 46. Kg3 Ra7 47. h4 h6 48. Rc5 Ra8 49. Kf4 Rf8+ 50. Ke4 Re8+ 51. Re5 Ra8 52. h5 Kf6 53. Kf4 Ra7 54. Rc5 Ra6 55. Rc7 Rb6 56. Rh7 Rb4+ 57. Kg3 Rxa4 58. Rxh6+ Kf7 59. Ra6 Ra1 60. Kf4 a4 61. Ra7+ Kf8 62. Kg5 a3 63. Kg6 a2 64. g5 1-0

[Event "USA-ch GpB"]
[Site "San Diego"]
[Date "2006.03.10"]
[Round "8"]
[White "Becerra Rivero, Julio"]
[Black "Muhammad, Stephen A"]
[Result "1/2-1/2"]
[WhiteElo "2556"]
[BlackElo "2377"]
[PlyCount "137"]
[EventDate "2006.03.02"]
[EventType "swiss"]
[EventRounds "9"]
[EventCountry "USA"]
[SourceTitle "CBM 112"]
[Source "ChessBase"]
[SourceDate "2006.06.07"]
[SourceVersion "1"]
[SourceVersionDate "2006.06.07"]
[SourceQuality "1"]

1. e4 e5 2. Nf3 Nc6 3. Bb5 a6 4. Ba4 Nf6 5. 0-0 Be7 6. Re1 b5 7. Bb3 d6 8. c3 0-0 9. d4 Bg4 10. d5 Na5 11. Bc2 Qc8 12. Nbd2 c6 13. b4 Nb7 14. dxc6 Qxc6 15. Bb2 Nd8 16. a4 Ne6 17. h3 Bh5 18. Bd3 Nf4 19. Bf1 Bg6 20. g3 Ne6 21. Nh4 Bh5 22. Nf5 Rae8 23. axb5 axb5 24. Qb1 Bg6 25. Nh4 Nxe4 26. Nxe4 Bxh4 27. Ra5 Rb8 28. gxh4 d5 29. c4 bxc4 30. Bxe5 Bxe4 31. b5 Qc5 32. Rxe4 dxe4 33. Bxb8 Rxb8 34. Qxe4 c3 35. Bd3 g6 36. Ra4 Rd8 37. Rc4 Qxb5 38. Rxc3 Qa5 39. Qc4 Rd4 40. Qb3 Nc5 41. Qb8+ Rd8 42. Qe5 Qa1+ 43. Bf1 Ne4 44. Rc5 Qa7 45. Rc2 Nd2 46. Bg2 Qa3 47. Qg5 Qa1+ 48. Kh2 Qd4 49. h5 h6 50. Qg3 g5 51. Rc6 Kh7 52. Qe3 Qxe3 53. fxe3 Kg7 54. Rc7 Rd6 55. Kg3 Re6 56. Bd5 Rf6 57. Kg2 Nf1 58. Rc3 Nd2 59. Rd3 Nb1 60. Rb3 Nd2 61. Rb2 Nf1 62. Re2 Rf5 63. Bf3 Rf6 64. e4 Nh2 65. e5 Rxf3 66. e6 fxe6 67. Rxe6 Rf6 68. Rxf6 Kxf6 69. Kxh2 1/2-1/2

[Event "USA-ch GpB"]
[Site "San Diego"]
[Date "2006.03.06"]
[Round "4"]
[White "Sarkar, Justin"]
[Black "Muhammad, Stephen A"]
[Result "1/2-1/2"]
[WhiteElo "2323"]
[BlackElo "2377"]
[PlyCount "135"]
[EventDate "2006.03.02"]
[EventType "swiss"]
[EventRounds "9"]
[EventCountry "USA"]
[SourceTitle "CBM 112"]
[Source "ChessBase"]
[SourceDate "2006.06.07"]
[SourceVersion "1"]
[SourceVersionDate "2006.06.07"]
[SourceQuality "1"]

1. Nf3 Nf6 2. c4 g6 3. Nc3 Bg7 4. e4 d6 5. Be2 0-0 6. d4 e5 7. Be3 h6 8. 0-0 Ng4 9. Bc1 Nc6 10. d5 Ne7 11. Nd2 Nf6 12. b4 Ne8 13. c5 f5 14. f3 h5 15. Nc4 f4 16. a4 g5 17. Ba3 Ng6 18. a5 Rf7 19. h3 Bf8 20. c6 b6 21. Bb2 Rg7 22. axb6 cxb6 23. Kh2 Nh4 24. Rh1 g4 25. hxg4 hxg4 26. fxg4 Nf6 27. c7 Qxc7 28. Kg1 f3 29. gxf3 Nxf3+ 30. Bxf3 Qxc4 31. Rh4 Be7 32. Kg2 Nxe4 33. Nxe4 Bxh4 34. Rc1 Qxb4 35. Bc3 Qb5 36. Nxd6 Qc5 37. Ne4 Qe3 38. Bxe5 Rxg4+ 39. Bxg4 Qxe4+ 40. Kh3 Qxe5 41. Kxh4 Qe7+ 42. Kh3 Qe3+ 43. Kh4 Qh6+ 44. Kg3 Qd6+ 45. Kh3 Qh6+ 46. Kg3 Qg5 47. d6 Be6 48. Qe2 Re8 49. Rc8 Rxc8 50. Qxe6+ Kg7 51. Qxc8 Qe5+ 52. Kh3 Qxd6 53. Qb7+ Kh6 54. Qxa7 Qd3+ 55. Kh4 Qd8+ 56. Kg3 Qd3+ 57. Bf3 Qg6+ 58. Kh2 Qd6+ 59. Kh1 Qf6 60. Qa3 Qh4+ 61. Kg2 Qg5+ 62. Kh3 Qf5+ 63. Bg4 Qf1+ 64. Kg3 Qg1+ 65. Kf3 Qd1+ 66. Kf4 Qd4+ 67. Kg3 Qg1+ 68. Kf3 1/2-1/2

[Event "Minneapolis HB Global op"]
[Site "Minneapolis"]
[Date "2005.05.22"]
[Round "9"]
[White "Benjamin, Joel"]
[Black "Muhammad, Stephen A"]
[Result "1-0"]
[WhiteElo "2563"]
[BlackElo "2334"]
[PlyCount "107"]
[EventDate "2005.05.18"]
[EventType "swiss"]
[EventRounds "9"]
[EventCountry "USA"]
[SourceTitle "CBM 107"]
[Source "ChessBase"]
[SourceDate "2005.08.01"]
[SourceVersion "1"]
[SourceVersionDate "2005.08.01"]
[SourceQuality "1"]

1. e4 e5 2. Nf3 Nc6 3. Bb5 a6 4. Ba4 Nf6 5. 0-0 b5 6. Bb3 Bb7 7. d3 Bc5 8. Nc3 0-0 9. a4 Na5 10. axb5 Nxb3 11. cxb3 Qe7 12. Bg5 axb5 13. Rxa8 Rxa8 14. Nxb5 Bb6 15. Nc3 h6 16. Be3 Ba5 17. Re1 Qe6 18. h3 Bb4 19. Qc2 c5 20. Bd2 d6 21. Na4 Bxd2 22. Nxd2 Nh5 23. Nc4 Nf4 24. Kh2 Bc8 25. Re3 Rb8 26. Nc3 Bd7 27. Ne2 Ng6 28. Ng3 Ne7 29. Re1 Nc6 30. Nf5 g6 31. Nxh6+ Kg7 32. Ng4 Nd4 33. Qc1 Rh8 34. Kg1 Nxb3 35. Qe3 Nd4 36. Qg3 Qe7 37. f4 exf4 38. Qxf4 Qh4 39. Re3 Bxg4 40. Qxg4 Qxg4 41. hxg4 Rb8 42. Nxd6 Rxb2 43. e5 Kf8 44. Re1 Nc6 45. e6 fxe6 46. Rxe6 Nb4 47. Rxg6 Nxd3 48. Rf6+ Ke7 49. g5 Ne1 50. Kf1 Rxg2 51. Nf5+ Kd7 52. g6 c4 53. Kxe1 c3 54. Kd1 1-0

[Event "USA-ch"]
[Site "San Diego"]
[Date "2004.11.30"]
[Round "6"]
[White "Lakdawala, Cyrus"]
[Black "Muhammad, Stephen A"]
[Result "1/2-1/2"]
[WhiteElo "2422"]
[BlackElo "2387"]
[PlyCount "104"]
[EventDate "2004.11.24"]
[EventType "swiss"]
[EventRounds "9"]
[EventCountry "USA"]
[SourceTitle "CBM 105"]
[Source "ChessBase"]
[SourceDate "2005.04.11"]
[SourceVersion "1"]
[SourceVersionDate "2005.04.11"]
[SourceQuality "1"]

1. d4 f5 2. Nf3 d5 3. Bf4 e6 4. e3 Nf6 5. Nbd2 Be7 6. h3 0-0 7. Bd3 c5 8. dxc5 Bxc5 9. 0-0 Nc6 10. c4 Qe7 11. Ne5 Nb4 12. Be2 dxc4 13. Bxc4 Rd8 14. Qe2 Bd7 15. Nxd7 Rxd7 16. Nf3 Nbd5 17. Bh2 Bd6 18. Ne5 Rc7 19. Rad1 Rac8 20. Bb3 Rc5 21. Nd3 Bxh2+ 22. Kxh2 R5c6 23. Kg1 Qc7 24. Qf3 Kh8 25. Rfe1 Ne7 26. Qf4 Qb6 27. Ne5 Ng6 28. Qg3 Nxe5 29. Qxe5 h6 30. f3 Qb4 31. Kh2 a5 32. Re2 Re8 33. Red2 Qb6 34. g4 Rc5 35. Qd6 Rc6 36. Qe5 Rc5 37. Qg3 fxg4 38. hxg4 Rg5 39. Rd6 Qxe3 40. Re1 Qc5 41. Rdxe6 Rf8 42. R6e5 Rxe5 43. Rxe5 Qd4 44. Re2 a4 45. Be6 Re8 46. Qe1 b5 47. Bf5 Rf8 48. a3 Qd6+ 49. Kh1 Nh5 50. Re8 Nf6 51. Rxf8+ Qxf8 52. Qe5 b4 1/2-1/2

[Event "USA-ch"]
[Site "San Diego"]
[Date "2004.11.26"]
[Round "3"]
[White "Sagalchik, Olga"]
[Black "Muhammad, Stephen A"]
[Result "0-1"]
[WhiteElo "2132"]
[BlackElo "2387"]
[PlyCount "98"]
[EventDate "2004.11.24"]
[EventType "swiss"]
[EventRounds "9"]
[EventCountry "USA"]
[SourceTitle "CBM 105"]
[Source "ChessBase"]
[SourceDate "2005.04.11"]
[SourceVersion "1"]
[SourceVersionDate "2005.04.11"]
[SourceQuality "1"]

1. d4 f5 2. Nc3 d5 3. h3 Nf6 4. Bg5 e6 5. e3 Bb4 6. Bd3 0-0 7. Nge2 h6 8. Bh4 c5 9. dxc5 Nbd7 10. c6 bxc6 11. Nd4 Nb8 12. Bg3 Bd7 13. 0-0 Bxc3 14. bxc3 c5 15. Nf3 c4 16. Bxb8 Rxb8 17. Be2 Qa5 18. Qd4 Rb2 19. Ne5 Rc8 20. Bxc4 Rxc4 21. Nxc4 dxc4 22. Qxc4 Nd5 23. Qd4 Rxc2 24. c4 Nf6 25. Rfc1 e5 26. Qd1 Rxc1 27. Qxc1 Ne4 28. Qe1 Qc5 29. Rb1 Be6 30. Rb5 Qd6 31. Qc1 Nc5 32. Kh2 e4+ 33. Kg1 Kh7 34. a3 a6 35. Rb1 Nd3 36. Qc3 Qc6 37. a4 Bxc4 38. a5 Qd5 39. Rb6 f4 40. Rb8 fxe3 41. fxe3 Ne5 42. Rc8 Qd1+ 43. Kh2 Nf3+ 44. Kg3 Bd3 45. Rc7 Qe1+ 46. Kf4 Qh4+ 47. g4 Qg5+ 48. Kg3 Ne5 49. Qe1 Nxg4 0-1

[Event "USA-ch"]
[Site "San Diego"]
[Date "2004.11.24"]
[Round "1"]
[White "Nakamura, Hikaru"]
[Black "Muhammad, Stephen A"]
[Result "1-0"]
[WhiteElo "2620"]
[BlackElo "2387"]
[PlyCount "55"]
[EventDate "2004.11.24"]
[EventType "swiss"]
[EventRounds "9"]
[EventCountry "USA"]
[SourceTitle "CBM 105"]
[Source "ChessBase"]
[SourceDate "2005.04.11"]
[SourceVersion "1"]
[SourceVersionDate "2005.04.11"]
[SourceQuality "1"]

1. e4 e5 2. Nf3 Nc6 3. Bb5 a6 4. Ba4 Nf6 5. 0-0 b5 6. Bb3 Bb7 7. c3 Nxe4 8. d4 Na5 9. Bc2 exd4 10. Nxd4 c5 11. Nf5 d5 12. a4 Qd7 13. f3 Nd6 14. Re1+ Kd8 15. Ne3 Ndc4 16. axb5 axb5 17. Bf5 Nxe3 18. Bxd7 Nxd1 19. Bxb5 Bd6 20. Rxd1 Kc7 21. Nd2 Bc6 22. Bd3 Rhe8 23. c4 dxc4 24. Nxc4 Nxc4 25. Rxa8 Rxa8 26. Bxc4 f6 27. Be3 Rb8 28. Rxd6 1-0

[Event "Chicago op 13th"]
[Site "Chicago"]
[Date "2004.05.29"]
[Round "2"]
[White "Muhammad, Stephen A"]
[Black "Markzon, Gregory"]
[Result "1-0"]
[WhiteElo "2378"]
[BlackElo "2281"]
[PlyCount "51"]
[EventDate "2004.05.28"]
[EventType "swiss"]
[EventRounds "7"]
[EventCountry "USA"]
[SourceTitle "CBM 100 Extra"]
[Source "ChessBase"]
[SourceDate "2004.07.06"]
[SourceVersion "2"]
[SourceVersionDate "2004.07.06"]
[SourceQuality "1"]

1. d4 Nf6 2. c4 g6 3. Nc3 Bg7 4. e4 d6 5. f3 0-0 6. Be3 Nc6 7. Nge2 a6 8. Qd2 Rb8 9. d5 Na5 10. Nc1 c5 11. Rb1 b6 12. Be2 e5 13. b4 Nb7 14. Nd3 Bd7 15. 0-0 Rc8 16. Qb2 b5 17. bxc5 dxc5 18. cxb5 axb5 19. Nxb5 Nxd5 20. exd5 e4 21. Ne5 exf3 22. gxf3 Bxe5 23. Qxe5 Re8 24. Qc3 Qe7 25. Bh6 f6 26. Bc4 1-0

[Event "Internet Section 07B g/8'+2\""]
[Site "Dos Hermanas"]
[Date "2004.03.08"]
[Round "8"]
[White "Liang, Chong"]
[Black "Muhammad, Stephen A"]
[Result "0-1"]
[WhiteElo "2535"]
[BlackElo "2377"]
[PlyCount "62"]
[EventDate "2004.03.07"]
[EventType "swiss (blitz)"]
[EventRounds "9"]
[EventCountry "ESP"]
[SourceTitle "CBM 099 Extra"]
[Source "ChessBase"]
[SourceDate "2004.05.04"]
[SourceVersion "1"]
[SourceVersionDate "2004.05.04"]
[SourceQuality "1"]

1. e4 e5 2. Bc4 Nc6 3. Nc3 Nf6 4. d3 Bc5 5. Nf3 d6 6. 0-0 Bg4 7. h4 Nd4 8. Be3 Nxf3+ 9. gxf3 Bh3 10. Re1 Nh5 11. Bg5 f6 12. Be3 Bxe3 13. fxe3 f5 14. Qd2 Qxh4 15. Qh2 f4 16. Nd5 0-0-0 17. exf4 exf4 18. a4 Rde8 19. d4 g5 20. Qf2 Ng3 21. Qh2 Rhf8 22. a5 g4 23. a6 b6 24. e5 gxf3 25. Nf6 d5 26. Bb5 Re7 27. Rf1 Nxf1 28. Bxf1 Rg7+ 29. Kh1 Rg2 30. Bxg2 fxg2+ 31. Kg1 f3 0-1

[Event "Internet Section 08B g/8'+2\""]
[Site "Dos Hermanas"]
[Date "2004.03.08"]
[Round "6"]
[White "Muhammad, Stephen A"]
[Black "Alonso, Salvador"]
[Result "0-1"]
[WhiteElo "2377"]
[BlackElo "2484"]
[PlyCount "86"]
[EventDate "2004.03.08"]
[EventType "swiss (blitz)"]
[EventRounds "9"]
[EventCountry "ESP"]
[SourceTitle "CBM 099 Extra"]
[Source "ChessBase"]
[SourceDate "2004.05.04"]
[SourceVersion "1"]
[SourceVersionDate "2004.05.04"]
[SourceQuality "1"]

1. d4 d5 2. Nf3 Nf6 3. c4 c6 4. Nc3 dxc4 5. a4 Bf5 6. Ne5 Nbd7 7. Nxc4 Nb6 8. Ne5 a5 9. e3 e6 10. Be2 Bb4 11. 0-0 0-0 12. Bd2 Nbd7 13. Nc4 Re8 14. Na2 Bf8 15. Qe1 b6 16. Rc1 c5 17. Bf3 Be4 18. Qe2 Bxf3 19. Qxf3 cxd4 20. exd4 Nd5 21. Nc3 Nxc3 22. bxc3 Rc8 23. Qe2 Qc7 24. Ne3 e5 25. d5 Nc5 26. Qb5 Ne4 27. Rfd1 Bc5 28. Be1 Nd6 29. Qe2 Qd7 30. Ra1 f5 31. Kh1 f4 32. Nf1 e4 33. Qh5 Rf8 34. Nd2 Rce8 35. Nb3 Rf5 36. Qg4 Qf7 37. Nxc5 bxc5 38. c4 f3 39. g3 e3 40. Bc3 Re4 41. Qh3 Rh5 42. Qxh5 Qxh5 43. fxe3 Rxe3 0-1

[Event "Internet Section 07B g/8'+2\""]
[Site "Dos Hermanas"]
[Date "2004.03.07"]
[Round "6"]
[White "Fancsy, Imre"]
[Black "Muhammad, Stephen A"]
[Result "1/2-1/2"]
[WhiteElo "2409"]
[BlackElo "2377"]
[PlyCount "155"]
[EventDate "2004.03.07"]
[EventType "swiss (blitz)"]
[EventRounds "9"]
[EventCountry "ESP"]
[SourceTitle "CBM 099 Extra"]
[Source "ChessBase"]
[SourceDate "2004.05.04"]
[SourceVersion "1"]
[SourceVersionDate "2004.05.04"]
[SourceQuality "1"]

1. Nf3 Nf6 2. g3 g6 3. Bg2 Bg7 4. c4 0-0 5. Nc3 d6 6. d4 Nc6 7. 0-0 a6 8. d5 Na5 9. Nd2 c5 10. Qc2 Bd7 11. Nce4 Nxe4 12. Bxe4 b5 13. Rb1 bxc4 14. Nxc4 Nxc4 15. Qxc4 Qa5 16. a3 Rab8 17. Bc2 Rb7 18. b3 Rfb8 19. h4 Bd4 20. Qd3 Bf5 21. e4 Bd7 22. Rd1 Bg4 23. Rf1 h5 24. Kg2 Qc7 25. Bb2 Bxb2 26. Rxb2 c4 27. Qc3 Qc8 28. Rfb1 cxb3 29. Qxc8+ Rxc8 30. Rxb3 Rxb3 31. Bxb3 Rc3 32. Kf1 Bf3 33. Ke1 Bxe4 34. Rb2 Rc5 35. Rd2 Rc1+ 36. Ke2 Rc3 37. Rb2 Rc5 38. Rd2 Kg7 39. Ke3 Rc3+ 40. Kxe4 Rxb3 41. Ra2 a5 42. Kd4 Kf6 43. Ke4 a4 44. Kd4 Kf5 45. Re2 Kf6 46. Ra2 Kf5 47. Re2 e5+ 48. dxe6 fxe6 49. Ra2 e5+ 50. Kc4 Ke6 51. Ra1 d5+ 52. Kc5 e4 53. Ra2 Ke5 54. Rd2 Rd3 55. Ra2 e3 56. fxe3 Rxe3 57. Kb4 Rxg3 58. Kxa4 d4 59. Kb4 Rg1 60. a4 Ke4 61. a5 Rb1+ 62. Kc5 d3 63. a6 Rc1+ 64. Kb6 Rc8 65. Kb7 Rd8 66. a7 Ke3 67. a8Q Rxa8 68. Rxa8 d2 69. Re8+ Kf3 70. Rd8 Ke2 71. Re8+ Kf2 72. Rd8 Ke1 73. Re8+ Kf2 74. Rd8 Ke2 75. Re8+ Kf3 76. Rd8 Ke2 77. Re8+ Kf2 78. Rd8 1/2-1/2

[Event "Internet Section 07B g/8'+2\""]
[Site "Dos Hermanas"]
[Date "2004.03.07"]
[Round "3"]
[White "Muhammad, Stephen A"]
[Black "Harikrishna, Pentala"]
[Result "1-0"]
[WhiteElo "2377"]
[BlackElo "2570"]
[PlyCount "107"]
[EventDate "2004.03.07"]
[EventType "swiss (blitz)"]
[EventRounds "9"]
[EventCountry "ESP"]
[SourceTitle "CBM 099 Extra"]
[Source "ChessBase"]
[SourceDate "2004.05.04"]
[SourceVersion "1"]
[SourceVersionDate "2004.05.04"]
[SourceQuality "1"]

1. d4 Nf6 2. Nf3 g6 3. Bf4 Bg7 4. e3 0-0 5. Be2 d6 6. h3 c5 7. Nbd2 cxd4 8. exd4 b6 9. c3 Bb7 10. 0-0 Nbd7 11. Bh2 Re8 12. Bb5 a6 13. Ba4 b5 14. Bb3 e5 15. a4 Bd5 16. axb5 axb5 17. Bxd5 Nxd5 18. Qb3 N5f6 19. Rxa8 Qxa8 20. dxe5 dxe5 21. Qxb5 Rb8 22. Qd3 Rxb2 23. Nxe5 Nc5 24. Qd6 Qd5 25. Ndc4 Qxd6 26. Nxd6 Rb6 27. Nexf7 Nfe4 28. Re1 Bxc3 29. Rd1 Rb2 30. Nxe4 Nxe4 31. Nh6+ Kg7 32. Ng4 h5 33. Be5+ Bxe5 34. Nxe5 Rxf2 35. Re1 Rf4 36. Nd3 Rh4 37. Kh2 Ng5 38. Re5 Kf6 39. Ra5 Rd4 40. Ra6+ Kf5 41. Ra5+ Kf6 42. Ra6+ Kf5 43. Ra5+ Kf6 44. Ne1 Rd2 45. Rxg5 Kxg5 46. Nf3+ Kf4 47. Nxd2 g5 48. g3+ Ke3 49. Nc4+ Kd4 50. Nd6 Ke5 51. Nb5 Ke4 52. Kg2 Ke3 53. Nd6 g4 54. h4 1-0

[Event "Internet Section 06A g/8'+2\""]
[Site "Dos Hermanas"]
[Date "2004.03.06"]
[Round "2"]
[White "Barash, Dmiry F"]
[Black "Muhammad, Stephen A"]
[Result "1-0"]
[WhiteElo "2274"]
[BlackElo "2377"]
[PlyCount "95"]
[EventDate "2004.03.06"]
[EventType "swiss (blitz)"]
[EventRounds "9"]
[EventCountry "ESP"]
[SourceTitle "CBM 099 Extra"]
[Source "ChessBase"]
[SourceDate "2004.05.04"]
[SourceVersion "1"]
[SourceVersionDate "2004.05.04"]
[SourceQuality "1"]

1. e4 d6 2. d4 Nc6 3. f4 Nf6 4. Nc3 Bg4 5. Be2 Bxe2 6. Ngxe2 e6 7. Be3 Be7 8. Qd2 0-0 9. 0-0-0 a6 10. h3 b5 11. g4 Na5 12. g5 Nc4 13. Qd3 Nd7 14. Bf2 c6 15. h4 Qa5 16. Kb1 Rfd8 17. Be1 Qb6 18. b3 Na3+ 19. Kb2 d5 20. e5 c5 21. h5 cxd4 22. Nxd4 Nc5 23. Qh3 b4 24. Nce2 Rf8 25. g6 h6 26. gxf7+ Rxf7 27. Rg1 Re8 28. Bh4 Ne4 29. Rg6 Bc5 30. Nxe6 Nc3 31. Nxg7 Nxd1+ 32. Kc1 Qc7 33. Ne6+ Kh7 34. Nxc7 Rxc7 35. Kxd1 Bf8 36. Qf5 Nxc2 37. Rg3+ Kh8 38. Bf6+ Bg7 39. Bxg7+ Rxg7 40. Kxc2 Rc7+ 41. Kd3 Rg8 42. Qf6+ Rgg7 43. f5 Kg8 44. Rxg7+ Rxg7 45. e6 Kh7 46. e7 Rg3+ 47. Nxg3 d4 48. Qg6+ 1-0

[Event "Internet Section 06B g/8'+2\""]
[Site "Dos Hermanas"]
[Date "2004.03.06"]
[Round "7"]
[White "Linford, Charles M"]
[Black "Muhammad, Stephen A"]
[Result "0-1"]
[WhiteElo "2166"]
[BlackElo "2377"]
[PlyCount "116"]
[EventDate "2004.03.06"]
[EventType "swiss (blitz)"]
[EventRounds "9"]
[EventCountry "ESP"]
[SourceTitle "CBM 099 Extra"]
[Source "ChessBase"]
[SourceDate "2004.05.04"]
[SourceVersion "1"]
[SourceVersionDate "2004.05.04"]
[SourceQuality "1"]

1. e4 d5 2. exd5 Qxd5 3. Nc3 Qa5 4. d4 c6 5. Nf3 Bf5 6. Bc4 e6 7. Bd2 Qb6 8. Na4 Qc7 9. Nc5 Nf6 10. 0-0 Be7 11. Nd3 Nbd7 12. Nde5 Rd8 13. Bf4 Qb6 14. b3 0-0 15. Qd2 Nd5 16. Bg3 Bb4 17. Qe2 N7f6 18. a3 Nc3 19. Qe3 Nfd5 20. Qg5 f6 21. Qh4 Be7 22. Nd3 g5 23. Qh6 Rf7 24. Nxg5 fxg5 25. Be5 Ne2+ 26. Kh1 Nxd4 27. a4 a5 28. f4 g4 29. h3 Ne2 30. Rfe1 Qe3 31. Nb2 Ng3+ 32. Kh2 Qf2 33. hxg4 Be4 34. Rxe4 Nxe4 35. Bd3 Qg3+ 36. Kh1 Nf2+ 37. Kg1 Nxd3 38. Nxd3 Ne3 39. Qh2 Qxh2+ 40. Kxh2 Nxg4+ 41. Kg3 Nxe5 42. Nxe5 Rg7+ 43. Kf3 Bf6 44. Re1 Bxe5 45. Rxe5 Kf7 46. Re2 h5 47. g3 Rd4 48. Re5 Rd2 49. Rxh5 Rxc2 50. Rxa5 Rc3+ 51. Ke4 Rgxg3 52. b4 Rcd3 53. f5 Rge3+ 54. Kf4 Rf3+ 55. Kg4 exf5+ 56. Kg5 Ke6 57. Ra7 Rg3+ 58. Kh4 Rg4+ 0-1

[Event "Internet Section 06B g/8'+2\""]
[Site "Dos Hermanas"]
[Date "2004.03.06"]
[Round "2"]
[White "Muhammad, Stephen A"]
[Black "Dias Fernandes, Attila"]
[Result "1-0"]
[WhiteElo "2377"]
[BlackElo "2053"]
[PlyCount "115"]
[EventDate "2004.03.06"]
[EventType "swiss (blitz)"]
[EventRounds "9"]
[EventCountry "ESP"]
[SourceTitle "CBM 099 Extra"]
[Source "ChessBase"]
[SourceDate "2004.05.04"]
[SourceVersion "1"]
[SourceVersionDate "2004.05.04"]
[SourceQuality "1"]

1. d4 Nf6 2. Nf3 g6 3. Bf4 Bg7 4. e3 0-0 5. Be2 d6 6. h3 Nfd7 7. 0-0 e5 8. Bh2 Nc6 9. c3 f5 10. Na3 e4 11. Nd2 Nf6 12. c4 Ne7 13. Nb5 a6 14. Nc3 g5 15. Rc1 Ng6 16. Qc2 h5 17. b4 h4 18. b5 Bh6 19. bxa6 bxa6 20. Nd5 Rf7 21. Nxf6+ Qxf6 22. Bh5 Rg7 23. Rb1 g4 24. hxg4 Qg5 25. Nxe4 fxe4 26. Qxe4 d5 27. cxd5 Bd7 28. f4 Qf6 29. g5 Bxg5 30. fxg5 Qxg5 31. Qf3 Rf8 32. Qe2 Rxf1+ 33. Rxf1 Bb5 34. Qf3 Bxf1 35. Kxf1 h3 36. Bxg6 hxg2+ 37. Qxg2 Qf6+ 38. Bf4 Rxg6 39. Qh3 Qe7 40. Qc8+ Kh7 41. Qxc7 Qxc7 42. Bxc7 Rg3 43. d6 Rg7 44. e4 Kg6 45. Bd8 Kf7 46. Ke2 Ke8 47. Bc7 Rg2+ 48. Kd3 Rxa2 49. e5 Kd7 50. d5 Ra3+ 51. Kc4 Ra4+ 52. Kc5 Ra1 53. e6+ Kc8 54. Kb6 Rb1+ 55. Kxa6 Ra1+ 56. Ba5 Ra2 57. d7+ Kb8 58. d8Q# 1-0

[Event "Internet Section 06B g/8'+2\""]
[Site "Dos Hermanas"]
[Date "2004.03.06"]
[Round "1"]
[White "Sintoro, Ali"]
[Black "Muhammad, Stephen A"]
[Result "0-1"]
[WhiteElo "1745"]
[BlackElo "2377"]
[PlyCount "58"]
[EventDate "2004.03.06"]
[EventType "swiss (blitz)"]
[EventRounds "9"]
[EventCountry "ESP"]
[SourceTitle "CBM 099 Extra"]
[Source "ChessBase"]
[SourceDate "2004.05.04"]
[SourceVersion "1"]
[SourceVersionDate "2004.05.04"]
[SourceQuality "1"]

1. d4 d6 2. e4 Nc6 3. Bc4 Nf6 4. Nc3 Bg4 5. f3 Bd7 6. Nge2 e5 7. 0-0 Be7 8. Be3 0-0 9. Qe1 a6 10. Rd1 Qc8 11. a3 Rb8 12. Ba2 b5 13. Nd5 Bd8 14. Nxf6+ Bxf6 15. Qg3 b4 16. Bg5 Bxg5 17. Qxg5 bxa3 18. bxa3 Nxd4 19. Nxd4 exd4 20. Rxd4 Be6 21. Bxe6 Qxe6 22. Rfd1 Rb2 23. Qd2 Qa2 24. Rc4 Qxc4 25. h3 Rxc2 26. Qd4 Qxd4+ 27. Rxd4 Rb8 28. Ra4 Rbb2 29. Rxa6 Rxg2+ 0-1